LIBRARY & INFORMATION CENTRE, KCAET, TAVANUR

ONLINE PUBLIC ACCESS CATALOGUE (OPAC)

Garhikajeevitham, Vol 1 / (Record no. 4733)

MARC details
000 -LEADER
fixed length control field 00426cam a2200169ua 4500
041 ## - LANGUAGE CODE
Language code of text/sound track or separate title mal
082 ## - DEWEY DECIMAL CLASSIFICATION NUMBER
Classification number 320.58G
Item number GAN/GA
100 ## - MAIN ENTRY--AUTHOR NAME
Personal name Gandhi, Mahatma .
245 ## - TITLE STATEMENT
Title Garhikajeevitham, Vol 1 /
260 ## - PUBLICATION, DISTRIBUTION, ETC. (IMPRINT)
Place of publication Thiruvananthapuram :
Name of publisher Gandhi Smaraka Nidhi ,
Year of publication 1961.
300 ## - PHYSICAL DESCRIPTION
Number of Pages 394 ; .
942 ## - ADDED ENTRY ELEMENTS (KOHA)
Koha item type Books
Holdings
Withdrawn status Lost status Damaged status Home library Current library Date acquired Full call number Accession Number Koha item type
Withdrawn     KAUAET KAUAET 07/04/2012 320.58G 12 Books
free website counter